Celebrities With "I" Names by Picture - Statistics

General Stats
  • This quiz has been taken 107 times
  • The average score is 6 of 13
Answer Stats
Picture Answer % Correct
Idris Elba
83%
Ice Cube
80%
Ian McKellen
70%
Iggy Pop
64%
Ivanka Trump
61%
Ingrid Bergman
54%
Isla Fisher
47%
Iggy Azalea
38%
Ice-T
37%
Idina Menzel
34%
Ian Somerhalder
32%
Ian McDiarmid
13%
Ioan Gruffudd
7%
No matching quizzes found
Score Distribution
Percent of People with Each Score
Percentile by Number Answered
Your Score History
You have not taken this quiz